Conversations with American writers / (Record no. 44991)
[ view plain ]
| 000 -LEADER | |
|---|---|
| fixed length control field | 00572pam a2200217 a 4500 |
| 001 - CONTROL NUMBER | |
| control field | 2860628 |
| 005 - DATE AND TIME OF LATEST TRANSACTION | |
| control field | 20180314055130.0 |
| 008 - FIXED-LENGTH DATA ELEMENTS--GENERAL INFORMATION | |
| fixed length control field | 850918t19861984nyuc 000 0 eng |
| 010 ## - LIBRARY OF CONGRESS CONTROL NUMBER | |
| LC control number | 85023127 |
| 020 ## - INTERNATIONAL STANDARD BOOK NUMBER | |
| International Standard Book Number | 0070542066 (pbk.) : |
| Terms of availability | $7.95 ($10.95 Can.) |
| 040 ## - CATALOGING SOURCE | |
| Original cataloging agency | DLC |
| Transcribing agency | DLC |
| Modifying agency | DLC |
| 041 ## - LANGUAGE CODE | |
| Language code of text/sound track or separate title | eng |
| 043 ## - GEOGRAPHIC AREA CODE | |
| Geographic area code | n-us--- |
| 080 ## - UNIVERSAL DECIMAL CLASSIFICATION NUMBER | |
| Universal Decimal Classification number | 810.9005 cha |
| 082 00 - DEWEY DECIMAL CLASSIFICATION NUMBER | |
| Classification number | 810.9005 cha |
| Edition number | 19 |
| 100 1# - Rafti | |
| Rafti | 24 |
| 101 ## - Shkurtesa | |
| Shkurtesa | gju |
| 245 10 - TITLE STATEMENT | |
| Title | Conversations with American writers / |
| Statement of responsibility, etc | Charles Ruas. |
| 906 ## - LOCAL DATA ELEMENT F, LDF (RLIN) | |
| a | 7 |
| b | cbc |
| c | orignew |
| d | 1 |
| e | ocip |
| f | 19 |
| g | y-gencatlg |
| 942 ## - ADDED ENTRY ELEMENTS (KOHA) | |
| Source of classification or shelving scheme | |
| Item type | Books |
| Withdrawn status | Lost status | Source of classification or shelving scheme | Damaged status | Not for loan | Collection code | Permanent location | Current location | Shelving location | Date acquired | Total Checkouts | Full call number | Barcode | Date last seen | Price effective from | Koha item type |
|---|---|---|---|---|---|---|---|---|---|---|---|---|---|---|---|
| Koleksioni i përgjithshem | UBT - Lipjan | UBT - Lipjan | Koleksioni i përgjithshem | 03/14/2018 | 810.9005 cha | 002-3002164 | 03/14/2018 | 03/14/2018 | Books | ||||||
| Koleksioni i përgjithshem | UBT - Lipjan | UBT - Lipjan | Koleksioni i përgjithshem | 03/14/2018 | 810.9005 cha | 002-3002159 | 03/14/2018 | 03/14/2018 | Books | ||||||
| Koleksioni i përgjithshem | UBT - Lipjan | UBT - Lipjan | Koleksioni i përgjithshem | 03/14/2018 | 810.9005 cha | 002-3002154 | 03/14/2018 | 03/14/2018 | Books | ||||||
| Koleksioni i përgjithshem | UBT - Lipjan | UBT - Lipjan | Koleksioni i përgjithshem | 03/14/2018 | 810.9005 cha | 002-3002149 | 03/14/2018 | 03/14/2018 | Books | ||||||
| Koleksioni i përgjithshem | UBT - Lipjan | UBT - Lipjan | Koleksioni i përgjithshem | 03/14/2018 | 810.9005 cha | 002-3002168 | 03/14/2018 | 03/14/2018 | Books | ||||||
| Koleksioni i përgjithshem | UBT - Lipjan | UBT - Lipjan | Koleksioni i përgjithshem | 03/14/2018 | 810.9005 cha | 002-3002163 | 03/14/2018 | 03/14/2018 | Books | ||||||
| Koleksioni i përgjithshem | UBT - Lipjan | UBT - Lipjan | Koleksioni i përgjithshem | 03/14/2018 | 810.9005 cha | 002-3002158 | 03/14/2018 | 03/14/2018 | Books | ||||||
| Koleksioni i përgjithshem | UBT - Lipjan | UBT - Lipjan | Koleksioni i përgjithshem | 03/14/2018 | 810.9005 cha | 002-3002153 | 03/14/2018 | 03/14/2018 | Books | ||||||
| Koleksioni i përgjithshem | UBT - Lipjan | UBT - Lipjan | Koleksioni i përgjithshem | 03/14/2018 | 810.9005 cha | 002-3002148 | 03/14/2018 | 03/14/2018 | Books | ||||||
| Koleksioni i përgjithshem | UBT - Lipjan | UBT - Lipjan | Koleksioni i përgjithshem | 03/14/2018 | 810.9005 cha | 002-3002157 | 03/14/2018 | 03/14/2018 | Books | ||||||
| Koleksioni i përgjithshem | UBT - Lipjan | UBT - Lipjan | Koleksioni i përgjithshem | 03/14/2018 | 810.9005 cha | 002-3002152 | 03/14/2018 | 03/14/2018 | Books |